[Event "Hands Too Small Anti-Facist Open"]
[Site "SchemingMind.com"]
[Date "2016.11.26"]
[Round "-"]
[White "Clive Everill"]
[Black "maro"]
[Result "1-0"]
[WhiteCountry "CZE"]
[BlackCountry "MEX"]
[WhiteElo "1701"]
[WhiteRD "55"]
[BlackElo "1345"]
[BlackRD "59"]
[GameID "406927"]

1. Nf3 Nf6 2. g3 d5 3. Bg2 c5 4. O-O e6 5. d3 Bd6 6. Nbd2 O-O 7. e4 dxe4 8. dxe4 e5 9. Nc4 Nxe4 10. Nfxe5 Bf5
11. Nxd6 Qxd6 12. Qxd6 Nxd6 13. c3 Nd7 14. Bf4 Nxe5 15. Bxe5 Rfd8 16. b3 Ne4 17. c4 b6 18. Rfe1 Nd2 19. Bxa8 Rxa8 20. Red1 Nf3+
21. Kg2 Nxe5 22. Rd5 Re8 23. f4 Ng4 24. Kg1 Be4 25. Rd7 Bc6 26. Rxa7 Ne3 27. Re1 g6 28. Ra6 Nxc4 29. Rxe8+ Bxe8 30. bxc4 b5
31. Ra8 bxc4 32. Rxe8+ Kg7 33. Rc8
1-0

[Event "Hands Too Small Anti-Facist Open"]
[Site "SchemingMind.com"]
[Date "2016.11.26"]
[Round "-"]
[White "maro"]
[Black "Clive Everill"]
[Result "0-1"]
[WhiteCountry "MEX"]
[BlackCountry "CZE"]
[WhiteElo "1345"]
[WhiteRD "59"]
[BlackElo "1701"]
[BlackRD "55"]
[GameID "406928"]

1. e4 e5 2. c3 Nc6 3. Nf3 d5 4. d4 dxe4 5. Nxe5 Nxe5 6. dxe5 Qh4 7. Qa4+ c6 8. Be2 Bc5 9. O-O Ne7 10. Qc4 Bb6
11. Nd2 Bf5 12. Nf3 Qh5 13. Ng5 Qg6 14. h3 h6 15. Nf3 exf3 16. Bxf3 Bd3 17. Qb3 Bxf1 18. Kxf1 O-O-O 19. Bg4+ Kb8 20. Bf4 Ka8
21. a4 h5 22. Bf3 Qf5 23. Bh2 g5 24. a5 Bc5 25. Qc4 Bxf2 26. Kxf2 Rd2+ 27. Ke1 Rhd8 28. e6 fxe6 29. Bg1 Qe5+ 30. Be4 Qg3+
31. Kf1 Nd5 32. Re1 Rf8+ 33. Bf2 Qxf2#
0-1

[Event "Hands Too Small Anti-Facist Open"]
[Site "SchemingMind.com"]
[Date "2016.11.25"]
[Round "-"]
[White "Clive Everill"]
[Black "Black Knight"]
[Result "1-0"]
[WhiteCountry "CZE"]
[BlackCountry "USA"]
[WhiteElo "1701"]
[WhiteRD "55"]
[BlackElo "1349"]
[BlackRD "56"]
[GameID "406929"]

1. e4 e5 2. Nc3 Nf6 3. f4 Bb4 4. fxe5 Bxc3 5. dxc3 Nxe4 6. Qg4 Ng5 7. Bxg5 f6 8. exf6 d6 9. Qe4+ Kf7 10. Bc4+ Kf8
11. fxg7+ Kxg7 12. Bxd8 Rxd8 13. Qe7+
1-0

[Event "Hands Too Small Anti-Facist Open"]
[Site "SchemingMind.com"]
[Date "2016.11.26"]
[Round "-"]
[White "Black Knight"]
[Black "Clive Everill"]
[Result "0-1"]
[WhiteCountry "USA"]
[BlackCountry "CZE"]
[WhiteElo "1349"]
[WhiteRD "56"]
[BlackElo "1701"]
[BlackRD "55"]
[GameID "406930"]

1. e4 a6 2. d4 b5 3. c4 Bb7 4. Nf3 Bxe4 5. Bd3 Bxd3 6. Qxd3 c6 7. O-O e6 8. Nc3 Be7 9. c5 Nf6 10. Ne4 Nd5
11. a3 O-O 12. Ne5 f6 13. Nf3 f5 14. Nd6 Qc7 15. Bg5 Bxd6 16. cxd6 Qxd6 17. Ne5 Qc7 18. Rfe1 h6 19. Bd2 Rf6 20. Qg3 Kh7
21. Re4 fxe4 22. Ng4 Qxg3 23. hxg3 Rf8 24. f4 d6
0-1

[Event "Hands Too Small Anti-Facist Open"]
[Site "SchemingMind.com"]
[Date "2016.11.25"]
[Round "-"]
[White "Clive Everill"]
[Black "buddhastalin"]
[Result "1-0"]
[WhiteCountry "CZE"]
[BlackCountry "USA"]
[WhiteElo "1730"]
[WhiteRD "56"]
[BlackElo "1668"]
[BlackRD "66"]
[GameID "406931"]

1. e4 e6 2. d4 d5 3. Nc3 Bb4 4. e5 c5 5. Bd2 cxd4 6. Nb5 Bxd2+ 7. Qxd2 Ne7 8. Nd6+ Kf8 9. O-O-O Nbc6 10. f4 Nf5
11. Nxf5 exf5 12. Nf3 Qb6 13. Nxd4 Nxd4 14. Qxd4 Qxd4 15. Rxd4 Be6 16. g3 Rc8 17. b3 Rc7 18. Bd3 g6 19. Kb2 Kg7 20. Rc1 Rhc8
21. Ra4 a6 22. Rd4 Rc3 23. a4 f6 24. exf6+ Kxf6 25. Re1 b5 26. axb5 axb5 27. Rc1 R3c5 28. Rb4 Rb8 29. Ra1 h6 30. Ra5 Bd7
31. c4 dxc4 32. bxc4 Rb6 33. cxb5 g5 34. fxg5+ hxg5 35. Ra6 Rxa6 36. bxa6 f4 37. gxf4 gxf4 38. Rxf4+ Kg5 39. Rf7
1-0

[Event "Hands Too Small Anti-Facist Open"]
[Site "SchemingMind.com"]
[Date "2016.11.25"]
[Round "-"]
[White "buddhastalin"]
[Black "Clive Everill"]
[Result "0-1"]
[WhiteCountry "USA"]
[BlackCountry "CZE"]
[WhiteElo "1676"]
[WhiteRD "67"]
[BlackElo "1701"]
[BlackRD "55"]
[GameID "406932"]

1. e4 a6 2. d4 b5 3. f4 Bb7 4. Bd3 e6 5. Nf3 c5 6. Be3 c4 7. Be2 Bxe4 8. Nbd2 Bb7 9. O-O Nf6 10. c3 Bd6
11. Ne5 Nc6 12. Ndf3 O-O 13. g4 Nxe5 14. Nxe5 Ne4 15. Qe1 f6 16. Nf3 Qc7 17. Nd2 Nxd2 18. Bxd2 e5 19. dxe5 fxe5 20. fxe5 Bxe5
21. Qh4 Rae8 22. Rae1 Rxf1+ 23. Bxf1 Qc6
0-1

[Event "Hands Too Small Anti-Facist Open"]
[Site "SchemingMind.com"]
[Date "2016.11.27"]
[Round "-"]
[White "Clive Everill"]
[Black "abuteague"]
[Result "0-1"]
[WhiteCountry "CZE"]
[BlackCountry "USA"]
[WhiteElo "1662"]
[WhiteRD "55"]
[BlackElo "1598"]
[BlackRD "62"]
[GameID "406933"]

1. d4 d6 2. c4 e5 3. Nf3 e4 4. Ng1 Nf6 5. Nc3 Bf5 6. Qb3 b6 7. e3 Be7 8. Nge2 O-O 9. Ng3 Bg6 10. Be2 c6
11. O-O d5 12. cxd5 cxd5 13. Bd2 Nc6 14. Rac1 Rc8 15. Ba6 Na5 16. Qd1 Rc7 17. Nb5 Rxc1 18. Qxc1 Nc4 19. Bc3 h6 20. Nxa7 Qd7
21. Nb5 Ra8 22. b3 Nxe3 23. fxe3 Rxa6 24. a4 Ra8 25. Ne2 Rc8 26. Qd2 Nh7 27. Nf4 Nf6 28. Qf2 Bh7 29. Nh5 Nxh5 30. Qxf7+ Kh8
31. Qxh5 Bg5 32. Kf2 Rf8+ 33. Ke2 Rxf1 34. Kxf1 Qf5+ 35. Ke2 Qd7 36. Kd2 Qf5 37. Qe8+ Bg8 38. Nd6 Qf2+ 39. Kc1 Bxe3+ 40. Kb1 Qf1+
41. Ka2 Qxg2+ 42. Ka3 Bc1+ 43. Kb4 Bf4 44. Nf7+ Kh7 45. Nd8 Qxh2 46. Qf8 Bd6+ 47. Kb5 Bxf8
0-1

[Event "Hands Too Small Anti-Facist Open"]
[Site "SchemingMind.com"]
[Date "2016.11.28"]
[Round "-"]
[White "abuteague"]
[Black "Clive Everill"]
[Result "0-1"]
[WhiteCountry "USA"]
[BlackCountry "CZE"]
[WhiteElo "1598"]
[WhiteRD "62"]
[BlackElo "1662"]
[BlackRD "55"]
[GameID "406934"]

1. d4 f5 2. c4 Nf6 3. Bg5 g6 4. Bxf6 exf6 5. e3 d6 6. Nc3 b6 7. Be2 Bb7 8. Bf3 c6 9. Nge2 Nd7 10. b4 Qc7
11. O-O Be7 12. b5 c5 13. Bxb7 Qxb7 14. Nf4 O-O 15. Ne6 Rfe8 16. Nd5 Bd8 17. Nxd8 Raxd8 18. Qf3 Qb8 19. a4 cxd4 20. exd4 Re4
21. Rfd1 Rde8 22. h3 Qc8 23. Rac1 R8e6 24. Nf4 Re8 25. d5 Rxc4 26. Rxc4 Qxc4 27. Qg3 Ne5 28. h4 Re7 29. Nxg6 hxg6 30. f4 Qc5+
31. Kh1 Ng4 32. Re1 Rxe1+ 33. Qxe1 Qxd5 34. Qe8+ Kg7 35. Qe7+ Qf7 36. Qxd6 Nf2+ 37. Kg1 Ne4 38. Qd8 Kh7 39. Kh2 Qb3 40. Qe7+ Kh6
41. Qf8+ Kh5 42. Qg7 Qg3+ 43. Kg1 Qxf4 44. Qxa7 Kxh4 45. Qh7+ Kg5 46. a5 bxa5 47. b6 Qf2+ 48. Kh2 Qxb6 49. g3 Qf2+
0-1

[Event "Hands Too Small Anti-Facist Open"]
[Site "SchemingMind.com"]
[Date "2016.11.25"]
[Round "-"]
[White "Clive Everill"]
[Black "ray winteringham"]
[Result "1-0"]
[WhiteCountry "CZE"]
[BlackCountry "ENG"]
[WhiteElo "1710"]
[WhiteRD "56"]
[BlackElo "1470"]
[BlackRD "52"]
[GameID "406935"]

1. c4 g6 2. Nc3 Bg7 3. d4 d6 4. Nf3 f5 5. e4 Nc6 6. exf5 Bxf5 7. d5 Ne5 8. Nd4 Nf6 9. Nxf5 gxf5 10. Be2 O-O
11. O-O c6 12. f4 Ned7 13. Qd3 c5 14. Qxf5 Kh8 15. Qh3 Qe8 16. Bd3 h6 17. Be3 Nh7 18. Rf3 Ndf6 19. Rg3 Rg8 20. Bg6 Qf8
21. f5 a6 22. Re1 b6 23. Ne2 Ne4 24. Rg4 Nef6 25. Rh4 Rb8 26. Bxh6
1-0

[Event "Hands Too Small Anti-Facist Open"]
[Site "SchemingMind.com"]
[Date "2016.11.25"]
[Round "-"]
[White "ray winteringham"]
[Black "Clive Everill"]
[Result "0-1"]
[WhiteCountry "ENG"]
[BlackCountry "CZE"]
[WhiteElo "1470"]
[WhiteRD "52"]
[BlackElo "1710"]
[BlackRD "56"]
[GameID "406936"]

1. e4 d5 2. exd5 c6 3. Nf3 cxd5 4. d4 Nc6 5. h3 Bf5 6. Bd3 Bg6 7. Bxg6 hxg6 8. O-O Qb6 9. b3 O-O-O 10. Bb2 e6
11. c3 Nf6 12. Nbd2 Bd6 13. Rb1 Qc7 14. c4 Bb4 15. a3 Bxd2 16. Qxd2 dxc4 17. bxc4 Ne4 18. Qd1 f6 19. Qe2 f5 20. g4 Rxh3
21. d5 exd5 22. cxd5 Rxd5 23. g5 Rd2 24. Qe3 Nxg5 25. Qe8+ Rd8 26. Qxg6 Nxf3+
0-1

[Event "Hands Too Small Anti-Facist Open"]
[Site "SchemingMind.com"]
[Date "2016.11.25"]
[Round "-"]
[White "Clive Everill"]
[Black "Henk Miedema"]
[Result "1-0"]
[WhiteCountry "CZE"]
[BlackCountry "NED"]
[WhiteElo "1662"]
[WhiteRD "55"]
[BlackElo "891"]
[BlackRD "63"]
[GameID "406937"]

1. Nf3 d5 2. c4 Nf6 3. cxd5 Qxd5 4. Nc3 Qd6 5. e4 e5 6. d4 Be7 7. Nxe5 Be6 8. Bc4 Bxc4 9. Nxc4 Qa6 10. b3 Qc6
11. Qd3 Qd7 12. Bf4 Qg4 13. Bg3 O-O 14. f3 Qd7 15. O-O Na6 16. a3 c5 17. d5 Qb5 18. Qc2 Qd7 19. e5 Nxd5 20. Nxd5 Qxd5
21. Rad1 Qc6 22. Rd2 Qe6 23. Rfd1 Nc7 24. f4 Nb5 25. a4 Nc7 26. Nd6 Rab8 27. Qxc5 a6 28. Qxc7 Qxb3 29. Nf5 Bb4 30. Rd3 Qe6
31. Nd6 Bc5+ 32. Qxc5 b6 33. Qa3 a5 34. Nb5 Rbd8 35. Rxd8 h6 36. Rxf8+ Kh7 37. Qd3+ g6 38. Qd8
1-0

[Event "Hands Too Small Anti-Facist Open"]
[Site "SchemingMind.com"]
[Date "2016.11.25"]
[Round "-"]
[White "Henk Miedema"]
[Black "Clive Everill"]
[Result "0-1"]
[WhiteCountry "NED"]
[BlackCountry "CZE"]
[WhiteElo "891"]
[WhiteRD "63"]
[BlackElo "1662"]
[BlackRD "55"]
[GameID "406938"]

1. d4 f5 2. Nc3 d5 3. Bf4 e6 4. Nb5 c6 5. Nc3 Nd7 6. e4 fxe4 7. f3 exf3 8. Qxf3 Ngf6 9. Bd3 Bb4 10. Bd2 O-O
11. a3 Ba5 12. Nh3 e5 13. Ng5 Qe7 14. Qe2 e4 15. Ncxe4 Bxd2+ 16. Qxd2 dxe4 17. Bc4+ Nd5 18. O-O-O e3 19. Qd3 Qxg5 20. Bb3 Rf2
21. Qe4 e2+ 22. Kb1 exd1=Q+ 23. Ka2 Qxh1 24. Qe8+ Nf8 25. Bc4 Rxc2 26. Bd3 Rxb2+ 27. Kxb2 Qd2+ 28. Kb3 Qc3+ 29. Ka4 Qd1+
0-1